| 000 | 00830nam a22002177a 4500 | ||
|---|---|---|---|
| 999 |
_c20029 _d20029 |
||
| 003 | AR-CdUCM | ||
| 008 | 190226b ||||| |||| 00| 0 spa d | ||
| 040 |
_aMUNICIPALIDAD PROVINCIAL DEL CUSCO _cBIBLIOTECA MUNICIPAL DEL CUSCO |
||
| 041 | _heng | ||
| 082 |
_a301 / _bH44 _22ed. |
||
| 100 |
_aHerskovits, Melville J. _95133 |
||
| 245 |
_aEl hombre y sus obras : _cLa ciencia de la antropología cultural : |
||
| 260 |
_aMexico : _bFondo de Cultura Económica , _c1952. |
||
| 300 |
_a782 páginas : _c24 cm. |
||
| 505 | _aContenido : La antropología, la ciencia del hombre -- La naturaleza de la cultura -- La realidad de la cultura ... | ||
| 650 |
_aAntropologia Cultural. _95134 |
||
| 650 |
_aCultura (Antropologia). _95135 |
||
| 700 |
_aHernández Barroso, M. (traducción) _941900 |
||
| 942 |
_2ddc _cLIBROS |
||
| 945 | _aAndy | ||